গবেষণায় হাতেখড়ি / (Record no. 10402)
[ view plain ]
| 000 -LEADER | |
|---|---|
| fixed length control field | 06832nam a2200241 a 4500 |
| 001 - CONTROL NUMBER | |
| JCCL Control Number | 10402 |
| 003 - CONTROL NUMBER IDENTIFIER | |
| JCCL marc code | BD-JhCC |
| 005 - DATE AND TIME OF LATEST TRANSACTION | |
| control field | 20180723134015.0 |
| 008 - FIXED-LENGTH DATA ELEMENTS--GENERAL INFORMATION | |
| fixed length control field | 180425s20152016bg |||| ||a| 000 0 ben d |
| 020 ## - INTERNATIONAL STANDARD BOOK NUMBER | |
| International Standard Book Number | 9789848875889 |
| 035 ## - SYSTEM CONTROL NUMBER | |
| system control number | (BD-JhCC)10402 |
| 040 ## - CATALOGING SOURCE | |
| Original cataloging agency | BD-JhCC |
| Modifying agency | BD-JhCC |
| 041 ## - LANGUAGE CODE | |
| Language code of Book | ben |
| 082 ## - DEWEY DECIMAL CLASSIFICATION NUMBER | |
| Classification number | 370.78 |
| Author mark and Year | HAS 2015 |
| 100 ## - MAIN ENTRY--PERSONAL NAME | |
| Personal name | হাসান, রাগিব |
| 245 ## - TITLE STATEMENT | |
| Title | গবেষণায় হাতেখড়ি / |
| Statement of responsibility, etc | রাগিব হাসান |
| 260 ## - PUBLICATION, DISTRIBUTION, ETC. (IMPRINT) | |
| Place of publication, distribution, etc | ঢাকা : |
| Name of publisher, distributor, etc | আদর্শ, |
| Date of publication, distribution, etc | 2015. |
| 300 ## - PHYSICAL DESCRIPTION | |
| Pagination | 117 p. : |
| Dimensions | 22 cm. |
| 520 ## - SUMMARY, ETC. | |
| Summary, etc | 'গবেষণায় হাতেখড়ি' বইটি সম্পকে কিছু কথাঃ<br/>বাংলাদেশ প্রকৌশল বিশ্ববিদ্যালয়ের (বুয়েট) অধ্যাপক ড. মোহাম্মদ কায়কোবাদ বইটির ভূমিকায় লিখেছেন, “রাগিব হাসান আমাদের বিভাগে থেকে প্রথম স্থান অধিকার করে স্নাতক ডিগ্রি অর্জন করে। তার সমাজ ভাবনা সবাইকে নিয়ে চলার আকাঙ্কা অত্যন্ত প্রশংসনীয় ও অনুকরণীয়। কোন এক সময়ে আমার সুযোগ হয়েছিল তার গবেষণা কর্মের সাক্ষী থাকার। তখনই দেখেছি তার গবেষণা করার প্রতিভাই শুধু আছে তা নয় তার আগ্রহ সীমাহীন। চ্যালেঞ্জ গ্রহণ করতে রাগিব হাসান পিছপা হয় না। আইনস্টাইন বলেছেন তিনি খুব তীক্ষ্ণধী নন তবে একটি সমস্যা নিয়ে তিনি দীর্ঘক্ষণ লেগে থাকতে পারেন গবেষণায় সফলতা অর্জন করতে যদি কোন গোপন মূলমন্ত্র থাকে তাহলো লেগে থাকে। রাগিব অত্যন্ত কর্মঠ এবং সক্রিয়।”<br/>রাগিব হাসান নিজেই একজন আন্তর্জাতিক মানেব গবেষক। গোল্ড মেডেল পাওয়া কম্পিউটার বিজ্ঞানের সেরা ছাত্রটি এই বইতে গবেষণার বিষয়, পর্যন্ত পুঙ্খানুপুঙ্খ আলোচনা করেছেন। ফলে দেশে গবেষণা করতে ইচ্ছুক তো বটেই- যারা বিদেশের নামকরা বিশ্ববিদ্যালয়ের অধীনে গবেষণা করতে চান তাদের জন্যও বইটি অত্যন্ত উপকারি। গবেষণাকর্মের নানামাত্রিক দিক নিয়ে এমন গ্রন্থ সম্ভবত বাংলা ভাষায় এটাই প্রথম।<br/>***********************************************************************<br/>Ragib Hasan<br/>রাগিব হাসান<br/>একজন কম্পিউটার বিজ্ঞানী ও শিক্ষক । সরকারি চাকরিজীবী মো. শামসুল হুদা ও স্কুল শিক্ষিকা রেবেকা সুলতানার সন্তান রাগিবের জন্ম চট্টগ্রামে পড়াশোনা করেছেন। চট্টগ্রাম কলেজিয়েট স্কুল এবং চট্টগ্রাম কলেজে । এসএসসিতে চতুর্থ ও এইচএসসিতে প্রথম মেধাস্থান অধিকার করে পরে তিনি বাংলাদেশ প্রকৌশল বিশ্ববিদ্যালয়ে (বুয়েট) কম্পিউটার কৌশল বিভাগ হতে সর্বোচ্চ জিপিএ নিয়ে স্নাতক ডিগ্রি লাভ করেন । সব বিভাগে সেরা ফলাফলের জন্য পান চ্যান্সেলর গোল্ড মেডেল। বুয়েটে কিছুদিন শিক্ষকতার পরে উচ্চশিক্ষার্থে যুক্তরাষ্ট্রে যান এবং ইউনিভার্সিটি অফ ইলিনয় অ্যাট আরবানা শ্যাম্পেইন থেকে । তারপর যোগ দেন অধ্যাপনা পেশায় । বর্তমানে তিনি ইউনিভার্সিটি অফ আলাবামা অ্যাট বার্মিংহাম-এর কম্পিউটার বিজ্ঞানের সহকারি অধ্যাপক এবং সিক্রেটল্যাব নামের গবেষণাগারের প্রতিষ্ঠাতাগবেষণা করছেন কম্পিউটার নিরাপত্তা ও ক্লাউড কম্পিউটিং নিয়ে। গবেষণার উৎকর্ষের জন্য মার্কিন জাতীয় বিজ্ঞান ফাউন্ডেশন থেকে ২০১৪ সালে পেয়েছেন ক্যারিয়ার পুরস্কার । মনোচিকিৎসক স্ত্রী জারিয়া আফরিন চৌধুরী ও ছেলে যায়ানকে নিয়ে রাগিব হাসান বসবাস করেন মার্কিন যুক্তরাষ্ট্রের দক্ষিণের শহর বার্মিংহামে । পেশায় কম্পিউটার বিজ্ঞানী হলেও রাগিবের মন পড়ে থাকে বাংলায়, বাংলা ভাষা ও সংস্কৃতির দিকে । বাংলা উইকিপিডিয়ার শুরু থেকেই নেতৃত্ব দিয়েছেন, বাংলা ব্লগিংয়ের সাথে জড়িত থেকেছেন ২০০৫ সাল থেকে । |
| 650 ## - SUBJECT ADDED ENTRY--TOPICAL TERM | |
| Topical term or geographic name as entry element | Education Research |
| 942 ## - ADDED ENTRY ELEMENTS (KOHA) | |
| Source of classification or shelving scheme | Dewey Decimal Classification |
| Koha item type | Books |
| Koha issues (borrowed), all copies | 2 |
| Source of classification or shelving scheme | Damaged status | Not for loan | Home library | Current library | Shelving location | Date of accession | Cost, normal purchase price | Total Checkouts | Full call number | Barcode | Date last seen | Date checked out | Copy number | Koha item type | Source of acquisition |
|---|---|---|---|---|---|---|---|---|---|---|---|---|---|---|---|
| Dewey Decimal Classification | JCC Rouf Library | JCC Rouf Library | General Stacks | 04/25/2018 | 250.00 | 1 | 370.78 HAS 2015 | 13524 | 07/29/2018 | 07/22/2018 | C-1 | Books | |||
| Dewey Decimal Classification | JCC Rouf Library | JCC Rouf Library | General Stacks | 08/15/2018 | 250.00 | 370.78 HAS 2015 | 14542 | 08/15/2018 | C-2 | Books | |||||
| Dewey Decimal Classification | JCC Rouf Library | JCC Rouf Library | General Stacks | 11/04/2020 | 195.00 | 1 | 370.78 HAS 2015 | 16165 | 01/28/2026 | 01/21/2026 | C-3 | Books | Lt. Gen. Mahfuzur Rahman (10th intake) |